000 00633nam a2200277Ia 4500
005 20260320195814.0
008 008 262003s9999 xx 000 0 hin d
020 _a9788126729623
037 _aEBOOK
040 _aCRL
040 _bhin
040 _cCRL
041 _2hin
041 _ahin
084 _qCRL
100 _aजावेद अख्तर
_91133160
245 0 _aलावा
250 _a7th
260 _bRajkamal
260 _c2016
300 _a148
856 _uhttps://ebook.indiaread.in/pdfs/lava_by_javed_akhtar.pdf
942 _cEBOOK
999 _c1716598
_d1716598